Countries With The Lowest Rate of Cancer - Statistics

General Stats
  • This quiz has been taken 216 times
  • The average score is 5 of 10
Answer Stats
Hint Cases Answer % Correct
1 78 per 100,000 Niger
71%
7 96 per 100,000 Republic of Congo
65%
2 88 per 100,000 Sudan
63%
3 92 per 100,000 South Sudan
61%
9 98 per 100,000 Nepal
44%
8 97 per 100,000 Bhutan
41%
4 93 per 100,000 Djibouti
36%
10 99 per 100,000 Gambia
35%
5 94 per 100,000 East Timor
26%
6 95 per 100,000 Tajikistan
19%
No matching quizzes found
Score Distribution
Percent of People with Each Score
Percentile by Number Answered
Your Score History
You have not taken this quiz